| 000 | 004290000a22001570004500 | ||
|---|---|---|---|
| 020 | _a0-7899-0655-4 | ||
| 041 | 0 | _aSPA | |
| 082 | 0 | 4 | _aG 813.54 L183a |
| 100 | 1 | _aLaHaye, Tim | |
| 245 | 1 | 0 | _aEl destructor es desencadenado : Apolión / Tim LaHaye; Jerry B. Jenkins; Nellyda Pablovsky, Traductor |
| 260 | _aMiami, FL., USA ; Unilit | ||
| 300 | _a353 Pag | ||
| 500 | _aTítulo original : Apollyon | ||
| 001 | 10852 | ||
| 942 | _cBK | ||
| 999 |
_c40278 _d40278 |
||